000 00432nam a2200181Ia 4500
001 2337
005 20260306144759.0
008 260306t2015||||xx |||||||||||||| ||spa||
041 _aESP
082 _a616.86
_bG72
100 _aGonzález Garrido, Andrés Antonio
_eAUT
245 0 _aCerebro y drogas
260 _c2015
300 _axiii, 181 páginas :
_c23 cm.
650 _aGEN
654 _aCPS
942 _cLIB
_dJUS
_fJUS
_2ddc
_n
999 _c2337
_d2337